Statistics for Periodic Table - One Minute Sprint

Click here to take the quiz!

General Stats

  • This quiz has been taken 35 times
  • The average score is 26 of 118

Answer Stats

#element% Correct
3lithium
79%
2helium
75%
1hydrogen
71%
18argon
67%
5boron
67%
10neon
63%
4beryllium
58%
6carbon
58%
8oxygen
58%
79gold
54%
17chlorine
50%
7nitrogen
50%
86radon
50%
99einsteinium
46%
36krypton
46%
82lead
46%
47silver
46%
11sodium
46%
20calcium
42%
29copper
42%
33arsenic
38%
56barium
38%
28nickel
38%
50tin
38%
30zinc
38%
13aluminium
33%
55caesium
33%
27cobalt
33%
9fluorine
33%
26iron
33%
12magnesium
33%
14silicon
33%
54xenon
33%
89actinium
29%
95americium
29%
83bismuth
29%
53iodine
29%
19potassium
29%
37rubidium
29%
92uranium
29%
51antimony
25%
35bromine
25%
96curium
25%
31gallium
25%
78platinum
25%
88radium
25%
16sulphur
25%
22titanium
25%
107bohrium
21%
24chromium
21%
15phosphorus
21%
94plutonium
21%
98californium
17%
58cerium
17%
110darmstadtium
17%
66dysprosium
17%
87francium
17%
25manganese
17%
80mercury
17%
23vanadium
17%
85astatine
13%
97berkelium
13%
48cadmium
13%
68erbium
13%
100fermium
13%
57lanthanum
13%
76osmium
13%
61promethium
13%
91protactinium
13%
44ruthenium
13%
38strontium
13%
70ytterbium
13%
39yttrium
13%
40zirconium
13%
112copernicium
8%
105dubnium
8%
63europium
8%
103lawrencium
8%
116livermorium
8%
71lutetium
8%
46palladium
8%
59praseodymium
8%
75rhenium
8%
45rhodium
8%
104rutherfordium
8%
62samarium
8%
21scandium
8%
34selenium
8%
81thallium
8%
114flerovium
4%
32germanium
4%
72hafnium
4%
108hassium
4%
67holmium
4%
49indium
4%
101mendelevium
4%
60neodymium
4%
93neptunium
4%
84polonium
4%
111roentgenium
4%
73tantalum
4%
43technetium
4%
52tellurium
4%
65terbium
4%
69thulium
4%
74tungsten
4%
64gadolinium
0%
77iridium
0%
118ununoctium
0%
115ununpentium
0%
117ununseptium
0%
113ununtrium
0%
109meitnerium
0%
42molybdenum
0%
41niobium
0%
102nobelium
0%
106seaborgium
0%
90thorium
0%

Score Distribution

Percentile by Number Answered

Percent of People with Each Score

Your Score History

You have not taken this quiz